|
|
|
|
| LEADER |
00798naa a2200181 i 4500 |
| 001 |
acta61392 |
| 005 |
20260224081030.0 |
| 008 |
190917s2016 hu o 100 hun d |
| 040 |
|
|
|a SZTE Egyetemi Kiadványok Repozitórium
|b hun
|
| 041 |
|
|
|a hun
|
| 100 |
1 |
|
|a Szabadi Magdolna
|
| 245 |
1 |
3 |
|a Az affektív szociális kompetencia kérdőív pilot vizsgálata
|h [elektronikus dokumentum] /
|c Szabadi Magdolna
|
| 260 |
|
|
|c 2016
|
| 300 |
|
|
|a 128
|
| 490 |
0 |
|
|a Pedagógiai Értékelési Konferencia
|v 14
|
| 695 |
|
|
|a Képességfejlesztés - érzelmi - előadáskivonat, Tanárképzés - előadáskivonat, Képességfejlesztés - szociális - előadáskivonat
|
| 710 |
|
|
|a Pedagógiai Értékelési Konferencia (14.) (2016) (Szeged)
|
| 856 |
4 |
0 |
|u http://acta.bibl.u-szeged.hu/61392/1/pek_2016_128.pdf
|z Dokumentum-elérés
|